00395nam a2200133Ia 4500008004100000082001500041100002000056245003000076260001800106600001500124942000700139952009800146999001700244241002s9999 xx 000 0 und d a808.51 DUX aDuxburry Arthur 0aDare you Speak in Public? aLondon:c1949 aLiterature cUC 00104070aUITUbUITUd1994-01-01l0o808.51 DUXpUC275r2024-10-02 09:31:15w2024-10-02yUC c18602d18602